000 00500nam a2200193 4500
001 5183
005 20230404125748.0
008 060907n2002 dr spa
020 _a2846700478
035 _9funglode5227
041 _aFR
050 1 4 _a002 E 169.1 L688a 2000
100 _aLherm, Adrien
245 1 3 _aLa culture américaine /
_cAdrien Lherm
260 _aParis :
_bLe Cavalier Bleu,
_c2002
300 _a126 p.
440 _aCollection idées recues ;
_v44
942 _2lcc
_cbk
999 _c4177
_d4177